000 01335nam a2200253Ia 4500
001 10523
003 GE_BSU
008 181216s||||||||xx |||||||||||||| ||und||
020 _a9789941203077
040 _cGE_BSU
080 _a624.072.32
100 _aხმელიძე,თ. გ. გურეშიძე, მ. მოდებაძე [და სხვ.]
245 _aხე–ლითონის უირიბნო სამკუთხა წამწის გაანგარიშება და კონსტრუირება: სამშენებლო კონსტრუქციები;წამწის გაანგარიშება
260 _aთბილისი
260 _bტექნიკური უნ–ტი
260 _c2013
300 _a72გვ.ნახ.ცხრ.28სმ.
300 _cდანართები გვ.51-69
300 _eბიბლიოგრ. გვ.70
541 _h18ლ.
653 _aსამშენებლო კონსტრუქციები;წამწის გაანგარიშება
653 _aხე–ლითონის უირიბნო სამკუთხა წამწის გაანგარიშება და კონსტრუირება:
942 _cBK
999 _c43778
_d43778